La opinión y la marina : (Record no. 161801)

MARC details
000 -LEADER
campo de control de longitud fija 00861nam a22001935i 4500
001 - NÚMERO DE CONTROL
campo de control 161801
003 - IDENTIFICADOR DE NÚMERO DE CONTROL
campo de control ES-MaACL
005 - FECHA Y HORA DE LA ÚLTIMA TRANSACCIÓN
campo de control 20230906212350.0
008 - DATOS DE LONGITUD FIJA--INFORMACIÓN GENERAL
campo de control de longitud fija 950206s1898 sp |||| | spa d
100 1# - ENTRADA PRINCIPAL--NOMBRE DE PERSONA
Nombre de persona Pérez de Vargas, Luis.
9 (RLIN) 131489
245 13 - MENCIÓN DEL TÍTULO
Título La opinión y la marina :
Resto del título Combate de Santiago /
Mención de responsabilidad, etc. por el teniente de navío de 1ª clase Don Luis Pérez de Vargas.
260 ## - PUBLICACIÓN, DISTRIBUCIÓN, ETC.
Lugar de publicación, distribución, etc. El Ferrol :
Nombre del editor, distribuidor, etc. [s.n.],
Fecha de publicación, distribución, etc. 1898 (
Fabricante Imp. de "El Correo Gallego")
300 ## - DESCRIPCIÓN FÍSICA
Extensión 27 p. ;
Dimensiones 23 cm.
530 ## - NOTA DISPONIBLE DE FORMULARIO FÍSICO ADICIONAL
Nota de formato físico adicional disponible Disponible en formato digital.
650 ## - PUNTO DE ACCESO ADICIONAL DE MATERIA--TÉRMINO DE MATERIA
Término de materia o nombre geográfico como elemento de entrada Batalla de Santiago de Cuba, 1898.
9 (RLIN) 172174
650 #4 - PUNTO DE ACCESO ADICIONAL DE MATERIA--TÉRMINO DE MATERIA
Término de materia o nombre geográfico como elemento de entrada Guerra hispano-americana, 1898-
Subdivisión general Campañas-
Subdivisión geográfica Cuba.
9 (RLIN) 159659
852 ## - LOCALIZACIÓN
Ubicación ES-MaACL
Número de control de estantería T-849-F-12
Nota libre - Enc. hol., conservando cub. original
-- - Enc. en un vol. facticio
856 ## - LOCALIZACIÓN Y ACCESO ELECTRÓNICOS
Identificador Uniforme de Recursos <a href="http://bdh-rd.bne.es/viewer.vm?id=0000114077&page=1 ">http://bdh-rd.bne.es/viewer.vm?id=0000114077&page=1 </a>
Nota pública Biblioteca Digital Hispánica
Holdings
Estatus retirado Estado de pérdida Estado de daño No para préstamo Colección Biblioteca de origen Biblioteca actual Ubicación en estantería Fecha de adquisición Total de préstamos Signatura topográfica completa Código de barras Visto por última vez Precio de reemplazo Tipo de ítem Koha
        Colección de folletos Biblioteca del Ateneo de Madrid Biblioteca del Ateneo de Madrid Depósito folletos 17/01/2008   T-849-F-12 1169489 23/02/2023 23/02/2023 Folleto